[Event "Quezon City U1800 op"]
[Site "Quezon City"]
[Date "2025.05.03"]
[Round "2"]
[White "Florentino, Marcus Gavrie"]
[Black "Garcia, Ivan Resti"]
[Result "1-0"]
[WhiteElo "1714"]
[BlackElo "1550"]
[PlyCount "75"]
[EventDate "2025.05.03"]
[EventType "swiss"]
[EventRounds "7"]
[EventCountry "PHI"]
[SourceTitle "CB19_2025"]
[SourceDate "2025.05.07"]
[SourceVersion "1"]
[SourceVersionDate "2025.05.07"]
[SourceQuality "1"]

1. e4 c5 2. Nf3 Nc6 3. Bb5 e6 4. Bxc6 bxc6 5. Qe2 d5 6. 0-0 Nf6 7. d3 Be7 8. Re1 0-0 9. Nbd2 a5 10. c4 Re8 11. Nf1 Qc7 12. e5 Nd7 13. Ng3 f6 14. Bf4 fxe5 15. Nxe5 Bd6 16. Nh5 Nxe5 17. Bxe5 Bxe5 18. Qxe5 Qxe5 19. Rxe5 Rb8 20. b3 Kf7 21. Rae1 g6 22. Nf4 Bd7 23. h4 a4 24. bxa4 Rb2 25. cxd5 cxd5 26. R5e2 Rxe2 27. Rxe2 Ra8 28. Rb2 Rxa4 29. g3 Ra5 30. Kf1 Bb5 31. Ke2 c4 32. Kd2 cxd3 33. Nxd3 Bxd3 34. Kxd3 h5 35. Kc3 Kf6 36. Kb4 Ra8 37. a4 Ke5 38. Ra2 1-0